| 000 | 00850nam a22002177a 4500 | ||
|---|---|---|---|
| 999 |
_c371080 _d371080 |
||
| 008 | 201127b ||||| |||| 00| 0 eng d | ||
| 040 |
_aDE-2950 _bger _cDE-2950 _erda |
||
| 041 | _ager | ||
| 100 | _aHausding, Mathias | ||
| 245 |
_aEr kämpft gegen Gegner die er sich nur einbildet. _bJustiz: Seit vielen Jahren fällt ein psychisch kranker Mann in Oder-Spree immer wieder mit Straftaten auf. Nun wurde er in Frankfurt (Oder) verurteilt./ _cMathias Hausding |
||
| 264 | _c2021 | ||
| 653 | _aFrankfurt (Oder) | ||
| 653 | _aLandkreis Oder-Spree | ||
| 653 | _aJustiz | ||
| 653 | _aSchizophrenie | ||
| 773 |
_dFrankfurt (Oder) Märkisches Verlags- und Druckhaus GmbH & Co KG _tMärkische Oderzeitung _g32. Jahrgang (2021) Nr. 257 vom 03.11.2021, S. 10 |
||
| 942 | _cA | ||